000
00220 a2200097 4500
001
45141
100
_a
Frank R.G
245
_a
Materials for rockets missiles
260
_a
New York
_b
Macmillan
_c
090
_c
28343
_d
28343
942
_a
NUST-CAE
_c
M
_c
20384
999
_c
280214
_d
280214